Učíme sa obchodovať s opciami Príručka BOB pre samostatne študujúceho
Enregistré dans:
| Format: | Livre |
|---|---|
| Langue: | slovaque |
| Publié: |
Bratislava
Bratislavská opčná burza
[1994]
|
| Édition: | 1. vyd. |
| Sujets: | |
| Tags: |
Pas de tags, Soyez le premier à ajouter un tag!
|
MARC
| LEADER | 00000nam a2200000 4500 | ||
|---|---|---|---|
| 001 | c010944 | ||
| 005 | 20221128074211.0 | ||
| 041 | 0 | |a slo | |
| 044 | |a SK | ||
| 245 | 1 | 0 | |a Učíme sa obchodovať s opciami |b Príručka BOB pre samostatne študujúceho |
| 250 | |a 1. vyd. | ||
| 264 | 1 | |a Bratislava |b Bratislavská opčná burza |c [1994] | |
| 300 | |a 180 s. | ||
| 610 | 2 | 0 | |a burzy opčné |
| 610 | 2 | 0 | |a burzy termínové |
| 610 | 2 | 0 | |a obchody burzové |
| 610 | 2 | 0 | |a obchody opčné |
| 610 | 2 | 0 | |a obchody termínové |
| 610 | 2 | 0 | |a opcie |
| 610 | 2 | 0 | |a riziko |
| 610 | 2 | 0 | |a BOB Bratislava |